00470nam a22001217a 4500020001800000082001800018100001500036245006200051260004700113300001000160650016100170700001700331 a9780446541473 a330.95694 SEN aSenor, Dan aStsart-up-nation: The Story of Israel's Economic Miracle aNew YorkbTwelve Hachette Book Groupc2011 a309 P aThe Story of Israel's Economic Miracle Dan Senor & Saul Singer With A New Foreword By Shimon Peres and Afterword by Shimon Peres and Afterword by the Auther aSinger, Saul